000
00284nam a2200121Ia 4500
008
190216s9999||||xx |||||||||||||| ||und||
100
_a
Gupta S P
245
0
_a
Statistical Methods
260
_b
Himalaya Publishing House
_c
1991
300
_a
1310p
650
_a
Statistics
942
_c
BK
999
_c
9895
_d
9895